| 000 | 00739cam a2200229 a 4500 | ||
|---|---|---|---|
| 001 | 000007896 | ||
| 005 | 20200929154336.0 | ||
| 008 | 780601s1968 sp 000 f spa | ||
| 020 | _a8432051527 | ||
| 040 |
_aDO-SdBNP _cspa _dBNPHU |
||
| 082 |
_a863.64 _bL614u, |
||
| 100 | 1 |
_aLera, Ángel María de, _d1912-1984 _921676 |
|
| 245 | 1 | 4 |
_aLas últimas banderas : _bnovela / _cÁngel María de Lera. |
| 250 | _a5a ed. | ||
| 260 |
_aBarcelona : _bPlaneta, _c1968. |
||
| 300 |
_a409 p. ; _c20 cm. |
||
| 490 | 1 | _aAutores Españoles Hispanoamericanos | |
| 586 | _aPremio editorial planeta, 1967 | ||
| 650 | 4 |
_aNovela española _91123 |
|
| 650 | 4 |
_aLiteratura española _ySIGLO XX _93326 |
|
| 830 | 0 |
_aAutores Españoles Hispanoamericanas ; _921677 |
|
| 999 |
_c7674 _d7674 |
||